Statistiques concernant QCM Harry Potter

Cliquez ici pour prendre le quiz!

Statistiques générales

  • Ce quiz a été pris 263 fois
  • Le résultat moyen est 4 sur 6

Statistiques - réponses

QuestionRéponse% Correct
Parmi les personnages suivant, lequel n'est pas de Sang-Pur ?Voldemort
85%
Quelles équipes se sont affrontées lors de la finale de la Coupe du Monde de Quidditch de 1994 ? (Tome 4 - Harry Potter et la coupe de Feu)Irlande - Bulgarie
84%
De quel endroit la famille Jedusor est-elle originaire ?Little Hangleton
68%
A quelle adresse se trouve la maison des Black ?12, Square Grimmaurd
65%
Quels sont les 4 dragons affectés aux champions lors de la première tâche du Tournoi des Trois Sorciers ? (cocher l'intrus)un Norvégien à crête
50%
Parmi les personnages suivants, lequel n'a pas été tué par Voldemort ?Morfin Gaunt
38%

Distribution des résultats

Percentile par nombre de réponses

% des personnes avec chaque résultat

Votre développement - résultats

Vous n’avez pas pris ce quiz